000 00520cam a22002171 4500
001 sa 67000703
003 DLC
005 20260227112316.0
008 900102s1962 ii a 000 0 urdr
010 _asa 67000703
035 _a(OCoLC)20837920
040 _aDLC
_cWaU
_dDLC
042 _apremarc
050 0 0 _aQB44
_b.H28
100 0 _aHakim Ahmad,
_d1879-
245 1 0 _aSair-i aflāk.
260 _c[1962]
300 _a214, 18 p.
_billus.
_c23 cm.
500 _aIn Urdu.
650 0 _aAstronomy
_xPopular works.
999 _c72154
_d72154